01638nam a2200361Ia 4500001001200000003000800012006001900020007001500039008004100054010001700095020002900112020002600141040002100167035002100188050002900209100002200238245014400260250001200404260004900416300002700465490004000492500009300532504005100625533015200676650004300828650006600871655002900937700003000966700009600996710001701092830004101109856012601150ebr10296329CaPaEBRm u cr cn|||||||||070713s2008 njua sb 001 0 eng d z 2007029065 z9780470138663 (cloth/CD) z0470138661 (cloth/CD) aCaPaEBRcCaPaEBR a(OCoLC)23261199814aTK5102.9b.C47422 2008eb1 aChassaing, Rulph.10aDigital signal processing and applications with the TMS320C6713 and TMS320C6416 DSKh[electronic resource] /cRulph Chassaing, Donald Reay. a2nd ed. aHoboken, N.J. :bWiley-Interscience,cc2008. axxviii, 576 p. :bill.1 aTopics in digital signal processing aRev. of: Digital signal processing and applications with the C6713 and C6416 DSK, c2005. aIncludes bibliographical references and index. aElectronic reproduction.bPalo Alto, Calif. :cebrary,d2011.nAvailable via World Wide Web.nAccess may be limited to ebrary affiliated libraries. 0aSignal processingxDigital techniques. 0aTexas Instruments TMS320 series microprocessorsxProgramming. 7aElectronic books.2local1 aReay, Donaldq(Donald S.)1 aChassaing, Rulph.tDigital signal processing and applications with the C6713 and C6416 DSK.2 aebrary, Inc. 0aTopics in digital signal processing.40uhttp://site.ebrary.com/lib/rucke/Doc?id=10296329zAn electronic book accessible through the World Wide Web; click to view